000
002350000a22000970004500
100
1
_a
Linthicum, Robert C.
245
1
0
_a
Power : How do we use it for good?
300
_a
Núm 33 (1992), Páginas 10-11
773
0
_t
Together
942
_c
ANA
999
_c
56360
_d
56360